| 000 | 01478nam a2200361Ia 4500 | ||
|---|---|---|---|
| 001 | ebr10463979 | ||
| 003 | CaPaEBR | ||
| 006 | m u | ||
| 007 | cr cn||||||||| | ||
| 008 | 080311s2007 enk sb 000 0 eng d | ||
| 010 | _z 2008378791 | ||
| 020 | _z9781855759589 | ||
| 020 | _z1855759586 | ||
| 040 |
_aCaPaEBR _cCaPaEBR |
||
| 035 | _a(OCoLC)726829048 | ||
| 050 | 1 | 4 |
_aPN56.P92 _bK49 2007eb |
| 082 | 0 | 4 |
_a801/.92 _222 |
| 245 | 0 | 0 |
_aKey papers in literature and psychoanalysis _h[electronic resource] / _cedited by Paul Williams and Glen O. Gabbard. |
| 260 |
_aLondon ; _aNew York : _bKarnac, _c2007. |
||
| 300 | _axv, 187 p. | ||
| 490 | 1 | _aInternational journal of psychoanalysis key papers series | |
| 500 | _aEssays first appeared in the International journal of psychoanalysis. | ||
| 504 | _aIncludes bibliographical references. | ||
| 533 |
_aElectronic reproduction. _bPalo Alto, Calif. : _cebrary, _d2011. _nAvailable via World Wide Web. _nAccess may be limited to ebrary affiliated libraries. |
||
| 650 | 0 | _aPsychoanalysis and literature. | |
| 655 | 7 |
_aElectronic books. _2local |
|
| 700 | 1 |
_aWilliams, Paul, _cD.P.M. |
|
| 700 | 1 | _aGabbard, Glen O. | |
| 710 | 2 | _aebrary, Inc. | |
| 730 | 0 | _aInternational journal of psycho-analysis. | |
| 830 | 0 | _aInternational journal of psychoanalysis key papers series. | |
| 856 | 4 | 0 |
_uhttp://site.ebrary.com/lib/rucke/Doc?id=10463979 _zAn electronic book accessible through the World Wide Web; click to view |
| 999 |
_c129303 _d129303 |
||